THE LIFE DIVINE (Record no. 110113)

MARC details
000 -LEADER
fixed length control field 00326nam a2200145Ia 4500
008 - FIXED-LENGTH DATA ELEMENTS--GENERAL INFORMATION
fixed length control field 090124s9999 xx 000 0 und d
082 ## - DEWEY DECIMAL CLASSIFICATION NUMBER
Item number 43780
245 ## - TITLE STATEMENT
Title THE LIFE DIVINE
250 ## - EDITION STATEMENT
Edition statement 0
260 ## - PUBLICATION, DISTRIBUTION, ETC. (IMPRINT)
Name of publisher, distributor, etc SRI AUROBINDO ASHRAM
300 ## - PHYSICAL DESCRIPTION
Extent 15
630 ## - SUBJECT ADDED ENTRY--UNIFORM TITLE
Uniform title THE LIFE DIVINE
730 ## - ADDED ENTRY--UNIFORM TITLE
Uniform title THE LIFE DIVINE
942 ## - ADDED ENTRY ELEMENTS (KOHA)
Koha item type Book
Holdings
Withdrawn status Lost status Damaged status Not for loan Home library Current library Date acquired Cost, normal purchase price Total Checkouts Full call number Barcode Date last seen Cost, replacement price Price effective from Koha item type
        Nagar Wachan Mandir, Thane Nagar Wachan Mandir, Thane   5.00   43780 THNNWM-43780 01/24/2009 5.00 01/24/2009 Book